00546nam a2200181Ia 4500003000500000008004100005020001800046040001900064082000700083100001400090245005400104260004500158300000800203546001200211942001200223999001700235952011200252STCL181203s9999 xx 000 0 und d a9788173194726 aSTCLbENcSTCL 222 aJag Mohan 0aOrganic Analytical Chemistry: Theory and Practice bNarosa Publishing HouseaNew Delhic2012 a660 aEnglish 2ddccBK c84191d84191 00102ddc4070aSTCALbSTCALcGENd2018-12-03l0o547.17 JAG-Op91999r2018-12-03 00:00:00w2018-12-03yBK